| 000 | 00471nam a2200181Ia 4500 | ||
|---|---|---|---|
| 008 | 100920s9999 xx 000 0 und d | ||
| 082 |
_b67746 _a7 0 |
||
| 100 | _a--- | ||
| 245 | _aBEST LOVED FOLK TALES OF INDIA. | ||
| 260 |
_b--- _c0 |
||
| 300 |
_a312 _bसाधी |
||
| 365 | _b150 | ||
| 520 | _aस्टोरी. | ||
| 630 | _aBEST LOVED FOLK TALES OF INDIA. | ||
| 650 | _aस्टोरी. | ||
| 730 | _aBEST LOVED FOLK TALES OF INDIA. | ||
| 942 | _cBOOK | ||
| 999 |
_c710177 _d710174 |
||